[Event "XII Open Vallee d'Aoste A"]
[Site "Saint Vincent - Chatillon ITA"]
[Date "2004.02.15"]
[Round "9"]
[White "Zelcic, Robert"]
[Black "Saldano Dayer, Horacio"]
[Result "1/2-1/2"]
[WhiteElo "2524"]
[BlackElo "2420"]
[PlyCount "99"]
[EventDate "2004.02.08"]

1. e4 c5 2. Nf3 Nc6 3. d4 cxd4 4. Nxd4 g6 5. c4 Bg7 6. Nc2 d6 7. Be2 Qb6 8. Nd2
Nf6 9. O-O a5 10. b3 O-O 11. Bb2 Nd7 12. Bxg7 Kxg7 13. a3 e5 14. Kh1 Nc5 15.
Rb1 Ne6 16. Ne3 Qc5 17. b4 axb4 18. Nb3 Qb6 19. Nd5 Qd8 20. axb4 Ned4 21. f4
Nxb3 22. Rxb3 Nd4 23. Rd3 Be6 24. Rxd4 exd4 25. Qxd4+ f6 26. Nc3 Qe7 27. Nb5
Rfd8 28. Rd1 d5 29. c5 dxe4 30. Nd6 Bb3 31. Re1 Qe6 32. h3 b6 33. Bc4 Rxd6 34.
cxd6 Qxc4 35. Qxb6 Qd5 36. Qc7+ Kh6 37. b5 Qxb5 38. Qe7 Qb4 39. Rxe4 Qc5 40. f5
Ra1+ 41. Kh2 Bc2 42. Rh4+ Kg5 43. Rg4+ Kxf5 44. Qd7+ Ke5 45. Qe7+ Kd5 46. Qf7+
Ke5 47. Qe7+ Kd5 48. Qf7+ Ke5 49. Qe7+ Kd5 50. Qf7+ 1/2-1/2

[Event "XII Open Vallee d'Aoste A"]
[Site "Saint Vincent - Chatillon ITA"]
[Date "2004.02.15"]
[Round "9"]
[White "Zhukova, Natalia"]
[Black "Godena, Michele"]
[Result "1/2-1/2"]
[WhiteElo "2462"]
[BlackElo "2515"]
[PlyCount "44"]
[EventDate "2004.02.08"]

1. d4 d5 2. c4 e6 3. Nf3 Nd7 4. Nc3 Ngf6 5. Bg5 c6 6. cxd5 exd5 7. e3 Qa5 8.
Nd2 Bb4 9. Qc2 Ne4 10. Ndxe4 dxe4 11. Bh4 Nb6 12. Be2 Be6 13. O-O f5 14. Rfb1
Nd5 15. Nxd5 Qxd5 16. Bg3 O-O 17. Rc1 Rfd8 18. Bc7 Rdc8 19. Qa4 Be7 20. Bc4 Qd7
21. Bxe6+ Qxe6 22. Be5 Rd8 1/2-1/2

[Event "XV Weekend"]
[Site "Reggio nell'Emilia ITA"]
[Date "2004.01.31"]
[Round "1"]
[White "Boni, Gianni"]
[Black "Moi, Roberto"]
[Result "0-1"]
[WhiteElo "1497"]
[BlackElo "1861"]
[PlyCount "82"]
[EventDate "2004.01.31"]

1. d4 f5 2. Nf3 Nf6 3. Bg5 Ne4 4. e3 Nxg5 5. Nxg5 e6 6. Nh3 d5 7. c4 c6 8. Nc3
Nd7 9. Qb3 Nf6 10. Be2 Be7 11. Nf4 g5 12. Nd3 Qa5 13. Ne5 Ne4 14. Bh5+ Kf8 15.
Be2 Kg7 16. f3 Nxc3 17. bxc3 Bf6 18. Nd3 f4 19. Kd2 fxe3+ 20. Kxe3 Re8 21. g4
e5 22. dxe5 dxc4 23. Qxc4 Bxe5 24. Nxe5 Qxe5+ 25. Kf2 Qe3+ 26. Kf1 Re5 27. Re1
Be6 28. Qd4 Re8 29. Qxe3 Rxe3 30. Kf2 Bxa2 31. Bd3 Rxe1 32. Rxe1 Rxe1 33. Kxe1
h6 34. Be4 Kf6 35. Ke2 Bc4+ 36. Ke3 Ke5 37. Kf2 a5 38. Kg3 a4 39. h4 a3 40. Bb1
a2 41. Bxa2 Bxa2 0-1

[Event "XV Weekend"]
[Site "Reggio nell'Emilia ITA"]
[Date "2004.02.01"]
[Round "2"]
[White "Moi, Roberto"]
[Black "Bertazzoni, Giuseppe"]
[Result "1-0"]
[WhiteElo "1861"]
[BlackElo "1866"]
[PlyCount "67"]
[EventDate "2004.01.31"]

1. d4 Nf6 2. c4 g6 3. Nc3 Bg7 4. e4 d6 5. Nf3 O-O 6. Be2 Nbd7 7. O-O e5 8. dxe5
dxe5 9. Bg5 h6 10. Bh4 c6 11. Qc2 Re8 12. Rad1 Qc7 13. h3 Nc5 14. Bg3 Nh5 15.
Bh2 Nf4 16. b4 Nce6 17. c5 a5 18. a3 Nxe2+ 19. Nxe2 axb4 20. axb4 Nf4 21. Nc3
Ra3 22. Kh1 Be6 23. Ra1 Rea8 24. Rxa3 Rxa3 25. Qd2 Qc8 26. Bxf4 exf4 27. e5 Bf5
28. Re1 Kh7 29. Ne4 g5 30. Nd6 Qe6 31. Nd4 Rd3 32. Qxd3 Bxd3 33. Nxe6 fxe6 34.
Nxb7 1-0

[Event "XV Weekend"]
[Site "Reggio nell'Emilia ITA"]
[Date "2004.02.01"]
[Round "3"]
[White "Iotti, Pierluigi"]
[Black "Moi, Roberto"]
[Result "1/2-1/2"]
[WhiteElo "2289"]
[BlackElo "1861"]
[PlyCount "69"]
[EventDate "2004.01.31"]

1. d4 f5 2. c4 Nf6 3. g3 g6 4. Bg2 Bg7 5. Nf3 d6 6. O-O O-O 7. Nc3 Qe8 8. Re1
e5 9. dxe5 dxe5 10. e4 fxe4 11. Ng5 Bg4 12. Qb3 Nc6 13. Be3 Nd4 14. Bxd4 exd4
15. Ncxe4 Nxe4 16. Rxe4 Qd7 17. c5+ Kh8 18. Ne6 Bxe6 19. Rxe6 Rae8 20. Rxe8
Qxe8 21. Kf1 Qe3 22. Qxe3 dxe3 23. f4 Bxb2 24. Rb1 Ba3 25. Rxb7 Bxc5 26. Rxc7
Bb6 27. Rc1 Rd8 28. Rc2 Rd2 29. Rxd2 exd2 30. Bf3 Kg7 31. Ke2 Ba5 32. Kd3 Kf6
33. g4 Bc7 34. Ke3 g5 35. fxg5+ 1/2-1/2

[Event "XV Weekend"]
[Site "Reggio nell'Emilia ITA"]
[Date "2004.02.14"]
[Round "4"]
[White "Moi, Roberto"]
[Black "Guastadini, Paolo"]
[Result "1-0"]
[WhiteElo "1861"]
[BlackElo "2130"]
[PlyCount "55"]
[EventDate "2004.01.31"]

1. d4 g6 2. c4 Bg7 3. Nc3 d6 4. e4 c5 5. d5 Nf6 6. Be2 O-O 7. Be3 e6 8. Nf3
exd5 9. cxd5 Re8 10. Nd2 Nbd7 11. O-O a6 12. Nc4 Nb6 13. Nxb6 Qxb6 14. Qc2 Qc7
15. a4 b6 16. Rad1 Ng4 17. Bc1 Bd4 18. h3 Nf6 19. Bf3 Bd7 20. Rfe1 Qb7 21. Bg5
Kg7 22. Qd2 Ng8 23. Bg4 b5 24. Bxd7 Qxd7 25. axb5 axb5 26. Qd3 h5 27. Qxb5 Qc7
28. Qc4 1-0

[Event "XV Weekend"]
[Site "Reggio nell'Emilia ITA"]
[Date "2004.02.15"]
[Round "5"]
[White "Panizzi, Giuseppe"]
[Black "Moi, Roberto"]
[Result "1/2-1/2"]
[WhiteElo "1871"]
[BlackElo "1861"]
[PlyCount "81"]
[EventDate "2004.01.31"]

1. d4 f5 2. Nf3 Nf6 3. e3 g6 4. Bc4 Bg7 5. O-O d5 6. Bb5+ Bd7 7. Be2 O-O 8. c4
Bc6 9. b3 Ne4 10. Bb2 Nd7 11. Nbd2 h6 12. Qc2 b6 13. Rac1 Nxd2 14. Qxd2 Bb7 15.
Rfd1 Nf6 16. Qc2 Rc8 17. Ne5 Kh7 18. Bd3 dxc4 19. bxc4 Be4 20. Bxe4 Nxe4 21.
Nc6 Qd7 22. d5 a5 23. Bxg7 Kxg7 24. Nd4 Nc5 25. h3 Rf6 26. f4 Kh7 27. Rf1 Qa4
28. Qxa4 Nxa4 29. Nc6 Re8 30. Ne5 Nc5 31. Rcd1 Rd6 32. Rd4 Kg7 33. Rfd1 Ne4 34.
g4 Kf6 35. Kg2 Nc3 36. R1d2 Ne4 37. Rc2 Nc5 38. h4 e6 39. g5+ hxg5 40. hxg5+
Kg7 41. Rcd2 1/2-1/2

[Event "XIII Weekend A"]
[Site "Ceriano Laghetto ITA"]
[Date "2004.01.31"]
[Round "1"]
[White "Bellotto, Stefano"]
[Black "Bozzali, Ermanno"]
[Result "1-0"]
[WhiteElo "1803"]
[BlackElo "2124"]
[PlyCount "107"]
[EventDate "2004.01.31"]

1. e4 g6 2. g3 Bg7 3. Bg2 c5 4. Nf3 Nc6 5. O-O d6 6. d3 e6 7. Re1 Nge7 8. Nbd2
O-O 9. Nf1 Qc7 10. c3 Bd7 11. Qe2 Rac8 12. Bf4 Rfd8 13. h4 b5 14. Rac1 e5 15.
Bg5 Be6 16. b3 b4 17. Bd2 bxc3 18. Bxc3 Bh6 19. Ng5 Bd7 20. Ne3 f6 21. Nh3 Nd4
22. Qd1 Rf8 23. f4 Nec6 24. h5 Be6 25. hxg6 hxg6 26. Ng4 Bg7 27. fxe5 dxe5 28.
Bxd4 Nxd4 29. Nhf2 Qd7 30. Bh3 Kf7 31. Kg2 Rh8 32. Rh1 Ke7 33. Ne3 f5 34. Qe1
Bh6 35. b4 Bxe3 36. Qxe3 cxb4 37. Qg5+ Kf7 38. Rxc8 Qxc8 39. Rc1 Qb7 40. Rc5
Bxa2 41. Qc1 Ne6 42. Rxe5 b3 43. Qb2 Rh5 44. Kg1 Qb6 45. exf5 Nd4 46. fxg6+
Kxg6 47. Re4 Rd5 48. Bg2 Rd6 49. Rg4+ Kf7 50. Rf4+ Ke7 51. Re4+ Kd8 52. Rg4 Qb4
53. Ne4 Qe1+ 54. Bf1 $139 1-0

[Event "XIII Weekend A"]
[Site "Ceriano Laghetto ITA"]
[Date "2004.01.31"]
[Round "1"]
[White "Bianchi, Alberto"]
[Black "Provera, Emanuele"]
[Result "1/2-1/2"]
[WhiteElo "2033"]
[BlackElo "2144"]
[PlyCount "126"]
[EventDate "2004.01.31"]

1. e4 c6 2. d4 d5 3. Nc3 dxe4 4. Nxe4 Nd7 5. Nf3 Ngf6 6. Nxf6+ Nxf6 7. Bd3 Bg4
8. c3 Qd5 9. Be2 e6 10. h3 Bh5 11. Be3 Be7 12. O-O O-O 13. Qc2 Bg6 14. Qb3 Qxb3
15. axb3 Rfd8 16. Ne5 Bc2 17. b4 Nd5 18. Bc1 Nb6 19. Nd3 Bxd3 20. Bxd3 Nd5 21.
Bc4 Bd6 22. g3 a6 23. Re1 Re8 24. Bd2 Bc7 25. Re2 Kf8 26. Rae1 a5 27. bxa5 Bxa5
28. Bd3 h6 29. b4 Bb6 30. c4 Nf6 31. Be3 Red8 32. c5 Bc7 33. b5 Ra3 34. Rd1
cxb5 35. Bxb5 Nd5 36. Bd2 Ne7 37. Bc1 Rb3 38. Bc4 Rb4 39. Rc2 Ra4 40. Bb2 h5
41. h4 Nd5 42. Be2 g6 43. Kg2 b6 44. Bf3 b5 45. c6 Ra2 46. Re2 e5 47. Rd3 Ra4
48. Rb3 exd4 49. Rxb5 Nb6 50. Re4 f5 51. Re1 d3 52. Bf6 d2 53. Rd1 Rd3 54. Bg5
Ra2 55. Be2 Rd5 56. Rxd5 Nxd5 57. Rxd2 Rxd2 58. Bxd2 Ke7 59. Bc1 Kd6 60. Bb5
Kc5 61. Ba4 Kb4 62. Bc2 Kb5 63. Ba3 Be5 1/2-1/2

[Event "XIII Weekend A"]
[Site "Ceriano Laghetto ITA"]
[Date "2004.01.31"]
[Round "1"]
[White "Buonocore, Elio"]
[Black "Sbarra, Marco"]
[Result "1-0"]
[WhiteElo "2099"]
[BlackElo "2231"]
[PlyCount "35"]
[EventDate "2004.01.31"]

1. e4 c5 2. c3 b6 3. d4 cxd4 4. cxd4 Bb7 5. Nc3 Nf6 6. Bd3 g6 7. Nf3 Bg7 8. O-O
O-O 9. h3 Nc6 10. Be3 d5 11. e5 Ne8 12. Ng5 Nc7 13. f4 f6 14. Nxh7 Kxh7 15.
Qh5+ Kg8 16. Bxg6 Re8 17. e6 f5 18. Bf7+ 1-0

[Event "XIII Weekend A"]
[Site "Ceriano Laghetto ITA"]
[Date "2004.01.31"]
[Round "1"]
[White "Cazzaniga, Walter"]
[Black "Gromovs, Sergejs"]
[Result "0-1"]
[WhiteElo "2109"]
[BlackElo "2297"]
[PlyCount "56"]
[EventDate "2004.01.31"]

1. d4 Nf6 2. c4 g6 3. Nc3 Bg7 4. e4 d6 5. Nf3 O-O 6. Be2 e5 7. O-O Nc6 8. Be3
Bg4 9. d5 Ne7 10. Nd2 Bd7 11. c5 Ne8 12. a4 f5 13. f3 f4 14. Bf2 g5 15. Nc4 Kh8
16. cxd6 cxd6 17. Nb5 Nc8 18. Qd2 a6 19. Nba3 Rf7 20. Rfc1 h5 21. Na5 g4 22.
Nxb7 Qg5 23. Kf1 Bh6 24. Rc3 h4 25. fxg4 f3 26. Qxg5 fxe2+ 27. Kxe2 Bxg5 28. h3
Rb8 0-1

[Event "XIII Weekend A"]
[Site "Ceriano Laghetto ITA"]
[Date "2004.01.31"]
[Round "1"]
[White "De Santis, Alessio"]
[Black "Massironi, Marco"]
[Result "1-0"]
[WhiteElo "2283"]
[BlackElo "2094"]
[PlyCount "41"]
[EventDate "2004.01.31"]

1. d4 Nf6 2. c4 g6 3. Nc3 d5 4. cxd5 Nxd5 5. e4 Nxc3 6. bxc3 Bg7 7. Bc4 c5 8.
Ne2 O-O 9. Be3 Qc7 10. Rc1 Nc6 11. h4 Rd8 12. h5 Na5 13. Bd3 e6 14. hxg6 hxg6
15. Qd2 Nc6 16. Bh6 f5 17. Qg5 cxd4 18. cxd4 fxe4 19. Rxc6 bxc6 20. Bxg7 Kxg7
21. Qh6+ 1-0

[Event "XIII Weekend A"]
[Site "Ceriano Laghetto ITA"]
[Date "2004.01.31"]
[Round "1"]
[White "Murgia, Andrea"]
[Black "La Torre, Giovanni"]
[Result "1/2-1/2"]
[WhiteElo "2138"]
[BlackElo "2057"]
[PlyCount "141"]
[EventDate "2004.01.31"]

1. e4 d5 2. exd5 Qxd5 3. Nc3 Qa5 4. d4 Nf6 5. Bd2 c6 6. Nf3 Bf5 7. Bc4 e6 8.
Bb3 Nbd7 9. Qe2 Bb4 10. h3 O-O-O 11. O-O-O Bg6 12. a3 Bf8 13. Nd5 Qa6 14. Qxa6
bxa6 15. Nf4 Ne4 16. Be3 Bd6 17. Nxg6 hxg6 18. c4 Kb7 19. Bc2 Nef6 20. Rhe1 Nh5
21. Ng5 Rhf8 22. g3 Nhf6 23. Rd3 c5 24. Bd1 cxd4 25. Bf3+ Kc7 26. Bxd4 Nc5 27.
Bxc5 Bxc5 28. Rxd8 Kxd8 29. Rd1+ Ke7 30. Rd2 a5 31. Kc2 Rb8 32. Bc6 Rb6 33. Bb5
Rb7 34. Bc6 Rb6 35. Bg2 Bd6 36. Re2 Bc5 37. Nf3 Nd7 38. Kc3 Bd6 39. Kc2 Bc5 40.
Ne1 Bd4 41. Nd3 Nc5 42. b4 axb4 43. axb4 Nxd3 44. Kxd3 e5 45. b5 a6 46. Bc6 Kd6
47. f4 f6 48. fxe5+ Bxe5 49. g4 Rb8 50. Ra2 axb5 51. cxb5 Rh8 52. Bg2 Kc5 53.
Ra7 f5 54. Rd7 Re8 55. Bc6 Re6 56. Rd5+ Kb6 57. Kc4 f4 58. Rd3 Bf6 59. Rd7 Re7
60. Rd2 Ra7 61. Rd3 Ra4+ 62. Kd5 Ra1 63. Ke4 Ra4+ 64. Kf3 g5 65. Rd7 Ra3+ 66.
Ke4 Rxh3 67. Rb7+ Kc5 68. Kf5 f3 69. Rc7 Kb6 70. Rb7+ Kc5 71. Rc7 1/2-1/2

[Event "XIII Weekend A"]
[Site "Ceriano Laghetto ITA"]
[Date "2004.01.31"]
[Round "1"]
[White "Pace, Roberto"]
[Black "Lapiccirella, Mattia"]
[Result "0-1"]
[WhiteElo "2063"]
[BlackElo "2166"]
[PlyCount "76"]
[EventDate "2004.01.31"]

1. e4 c5 2. Nf3 Nc6 3. d4 cxd4 4. Nxd4 Nf6 5. Nc3 d6 6. Bc4 Qb6 7. Nxc6 bxc6 8.
Bb3 e6 9. Be3 Qc7 10. Qe2 Be7 11. f4 O-O 12. O-O-O a5 13. Bc4 a4 14. g4 a3 15.
b3 d5 16. Bd3 Bb4 17. g5 Bxc3 18. gxf6 Bxf6 19. e5 Bd8 20. Rhg1 g6 21. h4 c5
22. c4 dxc4 23. Bxc4 Bb7 24. h5 g5 25. Bd2 Qc6 26. fxg5 Qf3 27. g6 Qxe2 28.
gxh7+ Kxh7 29. Bxe2 Bc7 30. Bd3+ Kh8 31. Rg5 Rad8 32. Kc2 Rg8 33. Rf1 Rxg5 34.
Bxg5 Rxd3 35. Rxf7 Be4 36. Bf6+ Kg8 37. Rg7+ Kf8 38. Rg5 Rg3+ 0-1

[Event "XIII Weekend A"]
[Site "Ceriano Laghetto ITA"]
[Date "2004.01.31"]
[Round "1"]
[White "Pelizzola, Danilo"]
[Black "Zacco, Remo"]
[Result "0-1"]
[WhiteElo "2125"]
[BlackElo "2022"]
[PlyCount "97"]
[EventDate "2004.01.31"]

1. e4 c5 2. Nf3 Nc6 3. d4 cxd4 4. Nxd4 Nf6 5. Nc3 a6 6. Be3 e6 7. Be2 Bb4 8.
Nxc6 bxc6 9. O-O d5 10. exd5 cxd5 11. Qd4 Be7 12. Na4 O-O 13. Nb6 Rb8 14. Nxc8
Qxc8 15. c4 Rd8 16. b3 Rb4 17. Qc3 Ne4 18. Qc2 f5 19. Bd3 Bf6 20. Bd2 Nxd2 21.
Qxd2 a5 22. Rad1 dxc4 23. bxc4 Rxc4 24. Qxa5 Rc5 25. Qa4 Rd4 26. Qb3 g6 27. Bb5
Rc3 28. Qb1 Qc5 29. Bd7 Qd6 30. Ba4 Be5 31. Rxd4 Bxd4 32. Rc1 Bxf2+ 33. Kh1 Bd4
34. Rd1 e5 35. Qb7 Qf8 36. Bb3+ Kh8 37. Qd5 Kg7 38. a4 Qf6 39. a5 Rc6 40. h3
Rd6 41. Qc4 Ra6 42. Qc7+ Kh6 43. Bg8 Ra7 44. Qc4 Qa6 45. Rxd4 exd4 46. Qb3 Qxa5
47. Bd5 Qc5 48. Bf3 Qc1+ 49. Kh2 0-1

[Event "XIII Weekend A"]
[Site "Ceriano Laghetto ITA"]
[Date "2004.01.31"]
[Round "1"]
[White "Pozzi, Enrico"]
[Black "Lapiccirella, Daniele"]
[Result "1/2-1/2"]
[WhiteElo "2202"]
[BlackElo "2078"]
[PlyCount "60"]
[EventDate "2004.01.31"]

1. e4 c5 2. Nf3 e6 3. d4 cxd4 4. Nxd4 Nc6 5. Nxc6 bxc6 6. Bd3 Nf6 7. O-O d6 8.
b3 Be7 9. Bb2 e5 10. Nd2 O-O 11. Kh1 Be6 12. Qe2 Nd7 13. Rad1 Qc7 14. Nc4 Nc5
15. a4 f6 16. Ne3 Rfd8 17. Bc4 Qc8 18. Nf5 Bf8 19. Bxe6+ Qxe6 20. Qg4 g6 21. b4
Kh8 22. bxc5 gxf5 23. Qxf5 Qxf5 24. exf5 Rab8 25. Ba3 dxc5 26. g4 Kg8 27. Kg2
Rd4 28. h3 Rxa4 29. Ra1 Rc4 30. Ra2 Bh6 1/2-1/2

[Event "XIII Weekend A"]
[Site "Ceriano Laghetto ITA"]
[Date "2004.02.01"]
[Round "2"]
[White "Bozzali, Ermanno"]
[Black "Pace, Roberto"]
[Result "0-1"]
[WhiteElo "2124"]
[BlackElo "2063"]
[PlyCount "102"]
[EventDate "2004.01.31"]

1. e4 c5 2. Nf3 d6 3. d4 cxd4 4. Nxd4 Nf6 5. Nc3 a6 6. Bc4 e6 7. Bb3 Be7 8. Be3
Qc7 9. g4 O-O 10. g5 Ne8 11. h4 d5 12. exd5 e5 13. Nde2 Nd6 14. Ng3 Nd7 15.
Nge4 Nb6 16. Nxd6 Bxd6 17. Qe2 Bf5 18. O-O-O Nc8 19. Qf3 Ne7 20. Ne4 Rac8 21.
h5 b5 22. Rd3 a5 23. Rc3 Qb8 24. Nf6+ Kh8 25. h6 Rxc3 26. bxc3 a4 27. hxg7+
Kxg7 28. Qh5 Ng8 29. Nd7 Qc7 30. Nxf8 Kxf8 31. Kd2 axb3 32. axb3 Ne7 33. g6
Bxg6 34. Qh6+ Kg8 35. Ra1 Qb7 36. c4 bxc4 37. bxc4 Nf5 38. Qg5 Be7 39. Qg4 Nxe3
40. fxe3 f5 41. Qe2 Bb4+ 42. Kc1 Bc5 43. Ra5 Qb6 44. Ra8+ Kg7 45. Kd2 Qb4+ 46.
Kc1 Qc3 47. Qd3 Bxe3+ 48. Kb1 Qe1+ 49. Ka2 Bd4 50. Ra3 Qa1+ 51. Kb3 Qb2+ 0-1

[Event "XIII Weekend A"]
[Site "Ceriano Laghetto ITA"]
[Date "2004.02.01"]
[Round "2"]
[White "Gromovs, Sergejs"]
[Black "Buonocore, Elio"]
[Result "1-0"]
[WhiteElo "2297"]
[BlackElo "2099"]
[PlyCount "109"]
[EventDate "2004.01.31"]

1. d4 f5 2. c4 Nf6 3. Nc3 g6 4. g3 Bg7 5. Bg2 d6 6. Nf3 O-O 7. O-O Qe8 8. d5 a5
9. Nd4 Na6 10. Rb1 Bd7 11. b3 Nc5 12. Bb2 g5 13. e3 f4 14. exf4 gxf4 15. a3
fxg3 16. fxg3 Qg6 17. Nce2 Ng4 18. Nf4 Qh6 19. h4 Ne3 20. Qe2 Nxf1 21. Rxf1
Rae8 22. b4 axb4 23. axb4 Na4 24. Ba1 Be5 25. Nde6 Bxa1 26. Rxa1 Qf6 27. Rf1
Qe5 28. Qxe5 dxe5 29. Nxf8 Rxf8 30. Nd3 Rxf1+ 31. Kxf1 e4 32. Bxe4 Nc3 33. Bf3
Bf5 34. Nf4 b5 35. g4 Bc8 36. Ne2 Na2 37. cxb5 Nxb4 38. Nd4 Kf7 39. g5 Kg6 40.
Ke2 h6 41. gxh6 Kxh6 42. Kd2 Bd7 43. Kc3 Na2+ 44. Kc4 Kg7 45. Ne6+ Bxe6 46.
dxe6 Kf6 47. Bg4 Nc1 48. Kc3 Na2+ 49. Kb3 Nc1+ 50. Kc4 Na2 51. h5 Kg5 52. Be2
Nc1 53. Bf1 Kxh5 54. Kc3 Na2+ 55. Kb3 1-0

[Event "XIII Weekend A"]
[Site "Ceriano Laghetto ITA"]
[Date "2004.02.01"]
[Round "2"]
[White "La Torre, Giovanni"]
[Black "Pozzi, Enrico"]
[Result "0-1"]
[WhiteElo "2057"]
[BlackElo "2202"]
[PlyCount "86"]
[EventDate "2004.01.31"]

1. Nf3 g6 2. g3 Bg7 3. Bg2 c5 4. e4 Nc6 5. O-O Nf6 6. Re1 O-O 7. c3 e5 8. d4 d6
9. dxe5 dxe5 10. Qc2 Qe7 11. Nbd2 h6 12. Nf1 Be6 13. h3 Rac8 14. a4 Na5 15.
N1d2 Nd7 16. b3 Rfd8 17. Ba3 f6 18. Rab1 Qf7 19. Bf1 Nb8 20. Qb2 Bf8 21. b4
cxb4 22. cxb4 Nac6 23. b5 Nd4 24. Nxd4 Rxd4 25. Bxf8 Qxf8 26. a5 Ra4 27. Rec1
Ra2 28. Rxc8 Qxc8 29. Qb4 Rc2 30. Bd3 Rc3 31. Bf1 Kf7 32. Kg2 Bxh3+ 33. Kg1 Be6
34. Qd6 Nd7 35. Qb4 Qc5 36. Qxc5 Nxc5 37. Rb4 Rc2 38. Nc4 Rc1 39. Kg2 Ke7 40.
Ne3 Ra1 41. a6 bxa6 42. bxa6 Kd6 43. Be2 Nxa6 0-1

[Event "XIII Weekend A"]
[Site "Ceriano Laghetto ITA"]
[Date "2004.02.01"]
[Round "2"]
[White "Lapiccirella, Daniele"]
[Black "Bianchi, Alberto"]
[Result "1/2-1/2"]
[WhiteElo "2078"]
[BlackElo "2033"]
[PlyCount "111"]
[EventDate "2004.01.31"]

1. d4 Nf6 2. c4 e6 3. Bg5 Be7 4. Nc3 d5 5. cxd5 Nxd5 6. Bxe7 Nxe7 7. e4 O-O 8.
Nf3 b6 9. Bc4 Bb7 10. O-O Nd7 11. Qd3 Nf6 12. Rad1 c6 13. Bb3 Qc7 14. Bc2 Ng6
15. e5 Nd5 16. Nxd5 cxd5 17. Ng5 Qe7 18. f4 Rfc8 19. Bb1 Rc4 20. b3 Rc6 21. Qh3
h6 22. Nxe6 Bc8 23. f5 Bxe6 24. fxe6 Rxe6 25. Bf5 Rc6 26. e6 Kh8 27. Bxg6 fxg6
28. Rde1 Re8 29. Rf7 Qb4 30. Qe3 Rcxe6 31. Qxe6 Rxe6 32. Rxe6 Qxd4+ 33. Rf2
Qa1+ 34. Rf1 Qxa2 35. Re3 Qd2 36. Rff3 d4 37. Rd3 Qe1+ 38. Rf1 Qb4 39. Rff3 a5
40. h3 g5 41. Kf1 b5 42. g4 Kh7 43. Ke2 Kg6 44. Kf1 h5 45. Kg2 Qc5 46. gxh5+
Kxh5 47. Rg3 Qd5+ 48. Kg1 Qe4 49. Kh2 Kg6 50. Rdf3 Qe2+ 51. Kg1 Kh5 52. Rd3 a4
53. bxa4 bxa4 54. Rxd4 Qe1+ 55. Kg2 Qe2+ 56. Kg1 1/2-1/2

[Event "XIII Weekend A"]
[Site "Ceriano Laghetto ITA"]
[Date "2004.02.01"]
[Round "2"]
[White "Lapiccirella, Mattia"]
[Black "Bellotto, Stefano"]
[Result "1/2-1/2"]
[WhiteElo "2166"]
[BlackElo "1803"]
[PlyCount "55"]
[EventDate "2004.01.31"]

1. d4 f5 2. Nc3 Nf6 3. Bg5 e6 4. e4 Be7 5. exf5 exf5 6. Bd3 d6 7. Qf3 Nc6 8.
Nge2 g6 9. O-O-O Nd5 10. Bxe7 Ndxe7 11. h4 Nb4 12. d5 Nxd3+ 13. Rxd3 O-O 14.
Qf4 Rf7 15. h5 Bd7 16. Rg3 Rg7 17. Nd4 Qf8 18. h6 Rf7 19. Re3 b5 20. Ne6 Bxe6
21. Rxe6 Rb8 22. Rhe1 b4 23. Qh4 bxc3 24. Rxe7 Rxe7 25. Rxe7 Re8 26. Rxe8 cxb2+
27. Kxb2 Qxe8 28. Qc4 1/2-1/2

[Event "XIII Weekend A"]
[Site "Ceriano Laghetto ITA"]
[Date "2004.02.01"]
[Round "2"]
[White "Massironi, Marco"]
[Black "Pelizzola, Danilo"]
[Result "1-0"]
[WhiteElo "2094"]
[BlackElo "2125"]
[PlyCount "115"]
[EventDate "2004.01.31"]

1. e4 c5 2. Nf3 Nc6 3. d4 cxd4 4. Nxd4 Nf6 5. Nc3 e5 6. Ndb5 d6 7. Bg5 a6 8.
Na3 b5 9. Bxf6 gxf6 10. Nd5 f5 11. Bxb5 axb5 12. Nxb5 Bb7 13. Nbc7+ Kd7 14.
Nxa8 Bxa8 15. Qh5 Ne7 16. Nxe7 Bxe7 17. Qxf5+ Ke8 18. O-O-O Bc6 19. Rhe1 Bd7
20. Qh5 Be6 21. a3 Qc8 22. Rd3 h6 23. Qe2 Qb7 24. Rc3 Bg5+ 25. Kb1 Ke7 26. Rd1
Rb8 27. b4 Qa7 28. Rd5 Bxd5 29. exd5 Rb7 30. Rb3 Qd4 31. Rd3 Qf4 32. Qe1 Kf8
33. g3 Qc4 34. Qc3 Qa6 35. Qc6 Rb6 36. Qc3 Bf6 37. Rf3 Kg7 38. Rf5 Rb8 39. Qf3
Qf1+ 40. Ka2 Qc4+ 41. Qb3 Qg4 42. Qf3 Qc4+ 43. Qb3 Qe4 44. Qd3 Qg4 45. Qf3 Qg6
46. h4 e4 47. Qxe4 Re8 48. Qf3 Re5 49. g4 h5 50. Qd3 Qxg4 51. Rxe5 Bxe5 52. b5
Qxh4 53. b6 Qh1 54. c3 Qe1 55. Qc2 Bxc3 56. b7 Qe8 57. Qxc3+ f6 58. Qc7+ 1-0

[Event "XIII Weekend A"]
[Site "Ceriano Laghetto ITA"]
[Date "2004.02.01"]
[Round "2"]
[White "Provera, Emanuele"]
[Black "Murgia, Andrea"]
[Result "1-0"]
[WhiteElo "2144"]
[BlackElo "2138"]
[PlyCount "65"]
[EventDate "2004.01.31"]

1. d4 f5 2. c4 Nf6 3. g3 g6 4. Bg2 Bg7 5. Nf3 d6 6. O-O O-O 7. d5 c6 8. Nc3 e5
9. dxe6 Bxe6 10. Qb3 b5 11. Nd2 bxc4 12. Qb7 d5 13. Qxa8 Qc7 14. Nxc4 Nh5 15.
Nxd5 Qd7 16. Rd1 Kh8 17. Nc3 Qc7 18. Nd6 Be5 19. Be3 Bxd6 20. Qxa7 f4 21. Rxd6
Qxd6 22. Bc5 Qd8 23. Rd1 Qe8 24. Bxf8 Qxf8 25. Qc7 Na6 26. Qb6 Qc5 27. Qxa6
fxg3 28. hxg3 Nf6 29. Qxc6 Qf5 30. e4 Qh5 31. Qxe6 Ng4 32. Rd8+ Kg7 33. Qe7+
1-0

[Event "XIII Weekend A"]
[Site "Ceriano Laghetto ITA"]
[Date "2004.02.01"]
[Round "2"]
[White "Sbarra, Marco"]
[Black "Cazzaniga, Walter"]
[Result "1-0"]
[WhiteElo "2231"]
[BlackElo "2109"]
[PlyCount "67"]
[EventDate "2004.01.31"]

1. d4 f5 2. g3 Nf6 3. Bg2 g6 4. b3 Bg7 5. Bb2 O-O 6. Nd2 d6 7. Ngf3 c6 8. O-O
a5 9. c4 Na6 10. Qb1 Bd7 11. e4 fxe4 12. Nxe4 Nxe4 13. Qxe4 Bf5 14. Qe2 Nb4 15.
Nh4 Bd3 16. Qe6+ Rf7 17. Rfd1 g5 18. Nf3 Bf5 19. Qe2 h6 20. a3 Na6 21. d5 Bxb2
22. Qxb2 c5 23. h4 g4 24. Nh2 Qd7 25. Qd2 Kh7 26. Qxa5 Bc2 27. Rd2 Bxb3 28.
Be4+ Kg8 29. Qc3 Ba4 30. Qe3 Rf6 31. Bd3 Kf7 32. Rb1 Rb8 33. Qe4 Rg8 34. Rdb2
1-0

[Event "XIII Weekend A"]
[Site "Ceriano Laghetto ITA"]
[Date "2004.02.01"]
[Round "2"]
[White "Zacco, Remo"]
[Black "De Santis, Alessio"]
[Result "0-1"]
[WhiteElo "2022"]
[BlackElo "2283"]
[PlyCount "72"]
[EventDate "2004.01.31"]

1. e4 c5 2. Nf3 e6 3. d3 Nc6 4. g3 Be7 5. Bg2 h5 6. h3 d6 7. Nc3 Bd7 8. d4 cxd4
9. Nxd4 a6 10. Be3 Ne5 11. b3 Rc8 12. Nce2 Qa5+ 13. Bd2 Qc7 14. O-O Nf6 15. f4
Nc6 16. Be3 d5 17. exd5 Nxd5 18. Bf2 h4 19. Nxc6 Bxc6 20. Bd4 hxg3 21. Bxg7
Bc5+ 22. Bd4 Ne3 23. Qd3 Bxg2 24. Qxe3 Bxf1 25. Rxf1 Rxh3 26. c3 Bxd4 27. cxd4
Qc6 28. Rf3 Kd7 29. Nc3 Rch8 30. f5 Rh1+ 31. Kg2 R8h2+ 32. Kxg3 Rh3+ 33. Kg2
Rxf3 34. fxe6+ fxe6 35. d5 Rxe3 36. dxc6+ Kxc6 0-1

[Event "XIII Weekend A"]
[Site "Ceriano Laghetto ITA"]
[Date "2004.02.01"]
[Round "3"]
[White "Bellotto, Stefano"]
[Black "Provera, Emanuele"]
[Result "0-1"]
[WhiteElo "1803"]
[BlackElo "2144"]
[PlyCount "88"]
[EventDate "2004.01.31"]

1. e4 c6 2. d3 g6 3. Nf3 Bg7 4. g3 d5 5. Nbd2 Nh6 6. Bg2 O-O 7. O-O Na6 8. Re1
Qc7 9. Nb3 dxe4 10. dxe4 e5 11. Qe2 f6 12. h3 Be6 13. Be3 Rfd8 14. Rad1 b5 15.
c3 Bc4 16. Qc2 c5 17. Rxd8+ Rxd8 18. Rd1 Nf7 19. Rxd8+ Nxd8 20. Qd2 Nb7 21. Ne1
Be6 22. Nc2 Bf8 23. Nc1 Nd6 24. b3 Nb8 25. Bh6 Bxh6 26. Qxh6 a5 27. Ne3 c4 28.
bxc4 bxc4 29. Nd5 Qf7 30. Qd2 Bxd5 31. exd5 Qb7 32. Kh2 Nd7 33. Qe3 Qb6 34. Qe2
a4 35. Qg4 f5 36. Qg5 Kf7 37. Qh6 Nf6 38. Qd2 a3 39. f4 e4 40. Qd4 Qxd4 41.
cxd4 Nxd5 42. Bf1 Nb4 43. Kg1 Ke6 44. Kf2 Nd3+ 0-1

[Event "XIII Weekend A"]
[Site "Ceriano Laghetto ITA"]
[Date "2004.02.01"]
[Round "3"]
[White "Bianchi, Alberto"]
[Black "Massironi, Marco"]
[Result "1-0"]
[WhiteElo "2033"]
[BlackElo "2094"]
[PlyCount "78"]
[EventDate "2004.01.31"]

1. e4 c5 2. Nc3 Nc6 3. Nf3 g6 4. Bc4 Bg7 5. d3 e6 6. Be3 d6 7. O-O Nge7 8. d4
cxd4 9. Nxd4 a6 10. Nxc6 Nxc6 11. Qd2 Ne5 12. Be2 h5 13. f3 Qc7 14. Rad1 Ke7
15. f4 Ng4 16. Bxg4 hxg4 17. Bd4 Bxd4+ 18. Qxd4 Qc5 19. f5 Qxd4+ 20. Rxd4 gxf5
21. exf5 exf5 22. Nd5+ Kf8 23. Nb6 Rb8 24. Rxd6 Ke7 25. Nxc8+ Rhxc8 26. Rd2 Rc5
27. b4 Rc4 28. Rxf5 Rxb4 29. Re2+ Kf8 30. c3 Rb1+ 31. Kf2 Rc1 32. Kg3 Rxc3+ 33.
Kxg4 Rc4+ 34. Kg5 Kg7 35. Re7 Rf8 36. Rxb7 Rc2 37. g4 Rxa2 38. h4 Ra4 39. h5
Rg8 1-0